000 00425nam a2200181Ia 4500
008 090124s9999 xx 000 0 und d
082 _b38047
100 _aPARAMANANDA SWAMI
245 _aSELF-MASTERY
250 _a0
260 _bSRI RAMAKRISHNA MATH
_c1974
300 _a82
600 _aPARAMANANDA SWAMI
630 _aSELF-MASTERY
700 _aPARAMANANDA SWAMI
730 _aSELF-MASTERY
942 _cBOOK
999 _c105790
_d105790